000 00485nam a2200181Ia 4500
001 18986
005 20260306171710.0
008 260306s9999||||xx |||||||||||||| ||und||
041 _aESP
082 _a658.7
_bP77
100 _aPonce Cueto, Eva
_eAUT
245 0 _aLa logística de aprovisionamientos:
_bpara la integración de la cadena de suministros
260 _c2004
300 _axix, 269 páginas :
_c25 cm.
650 _aGEN
654 _aCAN
942 _cLIB
_dJUS
_fJUS
_2ddc
_n
999 _c18986
_d18986